Statistics for Elements by Letter - I and K

Click here to take the quiz!

General Stats

  • This quiz has been taken 76 times
  • The average score is 4 of 5

Answer Stats

Elements% Correct
Iodine
95%
Krypton
93%
Iridium
85%
Indium
80%
Iron
63%

Score Distribution

Percentile by Number Answered

Percent of People with Each Score

Your Score History

You have not taken this quiz